MDQL
is popping MORE tags! Check the
thread
!
Quizzes
Events
Quiz Creation
Community
Videos
Private Events
Remove Ads
Sign In
Join for FREE
Feedback
Dark Mode
Quiz Categories
Sports
Geography
Music
Movies
Television
Just For Fun
Miscellaneous
History
Literature
Language
Science
Gaming
Entertainment
Religion
Holiday
For Kids
Quiz Lab
Recent
Popular Today
Quiz Kudos Today
Editor Picks
Curator Picks
Quizzes by...
Day
Popularity
Type
Ratings
Length
Year
Community
Subscriptions
Recent Discussions
Orange Saloon
Badges
Playlists
Quests
Create
Leaderboards
Showdown
Live 5
Trivia Bingo
Activity
Puzzle Library
Sporcle Events
Private Events
Virtual Trivia
Globe League
Become a Host
Pub Owners
SporcleCon
Opinionation
Our Games
Videos
Blog
Mobile Apps
Partnerships
Remove Ads and Go Orange
Feedback
Geography
Country
Landmarks
City
State
Population
World
Capital
Continent
Flags
Europe
Africa
Asia
South America
North America
Oceania
Border
Canada
United Kingdom
Topography
United States
Geography
Country
Landmarks
City
State
Population
World
Capital
Continent
Flags
Europe
Africa
Asia
South America
North America
Oceania
Border
Canada
United Kingdom
Topography
United States
Random Quiz
Search Sporcle
×
Quiz Lab
Quiz Lab
Geography
United Kingdom
Type in answers that appear in a list
Type in answers that appear in a list
Classic
Best Score? Go Orange.
UK National Parks Stats
Can you name the UK National Parks?
By
misslilley
10m
15 Questions
153 Plays
153 Plays
153 Plays
Comments
Comments
Give Quiz Kudos
Give Quiz Kudos
-
- Ratings
hide this ad
Replay
Link that replays current quiz
Next Quiz
Link to next quiz in quiz playlist
You Got
0%
They Got
Avg Score
72%
Avg Friend Score
Upgrade to see
Score Distribution
Jump to the score distribution portion of the page
Score
0/15
Timer
10:00
0
Plays Today
Hint
Answer
% Correct
P_
_
_
_
_
_
D_
_
_
_
_
_
Peak District
93.5%
L_
_
_
_
_
_
D_
_
_
_
_
_
_
Lake District
93.5%
S_
_
_
_
_
_
_
_
_
_
Snowdonia
92.2%
B_
_
_
_
_
_
_
B_
_
_
_
_
_
_
Brecon Beacons
84.3%
N_
_
_
_
F_
_
_
_
_
_
_
_
_
New Forest
84.3%
D_
_
_
_
_
_
_
_
_
_
Dartmoor
82.4%
S_
_
_
_
_
_
D_
_
_
_
_
_
_
_
_
South Downs
82.4%
E_
_
_
_
_
_
_
_
_
_
Exmoor
77.1%
Hint
Answer
% Correct
N_
_
_
_
_
_
Y_
_
_
_
_
_
M_
_
_
_
_
_
_
North York Moors
75.2%
P_
_
_
_
_
_
_
_
_
_
_
C_
_
_
_
_
_
_
_
_
Pembrokeshire Coast
71.2%
Y_
_
_
_
_
_
_
_
_
M_
_
_
_
_
_
_
_
_
_
Yorkshire Moors
65.4%
L_
_
_
_
_
_
_
L_
_
_
_
_
_
_
_
_
Loch Lomond
60.8%
N_
_
_
_
_
_
_
_
_
_
_
Northumberland
59.5%
T_
_
_
B_
_
_
_
_
_
_
_
_
The Broads
51%
C_
_
_
_
_
_
_
_
_
_
_
_
Cairingorms
14.4%
Quiz Playlist
Details
Report
Send in Message
Add To Playlist
Classic:
Type in answers that appear in a list
Last Updated: Feb 16, 2017
Quiz Scoreboard
CHALLENGE
Sign Up to Join the Scoreboard
Show All
Scores
Hide
Comments
May contain spoilers
Recently Published
Holiday 10x10 Sorting Gallery
by lukepisani3
Holiday
15m
Two Season TV Shows II
by 123Four
Television
10m
Image Sorting: Flags VI
by Barbecue
Geography
2m
More to Explore
Quiz From the Vault
Featured Blog Post
14 Easter Pick-up Lines to Find Eggs With
hide this ad
You Might Also Like...
Tags
United Kingdom Quiz
National Parks
Today's Top Quizzes in Geography
Browse Geography
hide this ad
Today's Top Quizzes in United Kingdom
Browse United Kingdom
Top Contributed Quizzes in Geography
1
Colored Red Europe Blitz I
2
Countries of the World - No Outlines Minefield
3
Colored Red Africa Blitz II
4
Colored Red Europe Blitz II
5
Colored Red Europe Blitz III
6
Colored Red Africa Blitz III
7
Colored Red States Blitz I
8
A Different View: World Oceans
9
Colored Red States Blitz II
10
Colored Red States Blitz III
Explore More
Trending Topics
Crossword
Marvel
Harry Potter
NBA
Kpop
Anime
Disney
Country
NFL
Soccer
Song
The Office
Pokémon
WWE
Puzzle
hide this ad
More By:
misslilley
Quiz
Plays
Rating
Category
Featured
Created
UK National Parks
153
1.67
Geography
Oct 27, 2014
Go to Creator's Profile
Score Distribution
Quiz Creator Spotlight
misslilley
Follow
Send a Message
Quizzes Created
-
Created Quiz Play Count
-
More By This Creator
Popular Quizzes Today
1
Find the US States - No Outlines Minefield
2
Colored Red Africa Blitz
3
Find the 'City' Movie
4
The Countries of the World
5
5x2 Blitz: Bands
6
Find the US States
7
Find the Countries of Europe - No Outlines Minefield
8
US States
More Geography Quizzes
Capitals of Europe
Published
Trending Quizzes
Colored Red Europe Blitz I
Colored Red Europe Blitz II
Colored Red Africa Blitz II
Colored Red Europe Blitz III
Colored Red Africa Blitz III
Recently Updated
Odd Team Out - Big 4 Players
pecheneg
Quick Pick: 20 Twenties
pecheneg
March Madness Men's Triple Doubles
pecheneg
How Do You Spell That?
pecheneg
Godzilla Movies
pecheneg
Grab Bag: 4-10 Letters
pecheneg
2024 March Madness Bracket
pecheneg
Famous TV Couples
Peacemaker
Champions League XIs: Real Madrid
pecheneg
Largest US Cities 1790-2010
pecheneg
Trending Topics
Marvel
Harry Potter
Crossword
NBA
Disney
Kpop
Anime
NFL
Pokémon
Puzzle
Song
Country
The Office
WWE
Soccer
Your Account Isn't Verified!
In order to create a playlist on Sporcle, you need to verify the email address you used during registration. Go to your
Sporcle Settings
to finish the process.
Report this User
Report this user for behavior that violates our
Community Guidelines
.
Details:
Send Report
Go to the Sporcle.com Mobile Site →
Comments